000 00602cam a22002053a 4500
001 45024
003 PGUSA
005 20140828084028.0
008 140226s2014||||xxu|||||s|||||000 | eng d
040 _aPGUSA
_beng
042 _adc
100 1 _aAllen, Stanton P.
245 1 2 _aA Boy Trooper With Sheridan :
_bFirst Massachusetts Cavalry
_h[electronic resource] /
_cStanton P. Allen
260 _bProject Gutenberg,
_c2014
506 _aPublic domain in the USA.
516 _aElectronic text
830 0 _aProject Gutenberg
_v45024
856 4 0 _uhttp://www.gutenberg.org/ebooks/45024
942 _cEB
999 _c274275
_d274275